| 000 | 00728nam 22002173 4500 | ||
|---|---|---|---|
| 001 | 201075 | ||
| 021 |
_aPT _b22960/88 |
||
| 090 | _a201075 | ||
| 100 | _a20260309d u||y0pory50 ba | ||
| 200 |
_aO castelo do Barão de Ferro _euma aventura das personagens criadas por Enid Blyton _ftexto Serge Rosenzweig, desenho Carlo Marcello _gtradução Ana Maria Rabaça |
||
| 210 |
_aLisboa _cEditorial Notícias _dcop. 1985 |
||
| 215 |
_a46 p. _cil. ; brochado _d29 cm |
||
| 225 | _aOs cinco em Banda Desenhada | ||
| 606 |
_91586 _aDesenho Artístico |
||
| 610 | _aBanda Desenhada | ||
| 675 |
_a74 _vPT _zpor |
||
| 700 |
_916725 _aRosenzweig _bSerge |
||
| 701 |
_916726 _aMarcello _bCarlo |
||
| 801 |
_aPT _bBMMN _gRPC |
||
| 830 | _cIsabel | ||
| 990 | _cLIVROS | ||